| 000 | 00407nam a2200181Ia 4500 | ||
|---|---|---|---|
| 001 | 1157 | ||
| 005 | 20260306140611.0 | ||
| 008 | 260306t2005||||xx |||||||||||||| ||spa|| | ||
| 041 | _aESP | ||
| 082 |
_a185 _bA72P 2005 |
||
| 100 |
_aAristóteles _eAUT |
||
| 245 | 0 | _aPolítica | |
| 260 | _c2005 | ||
| 300 |
_alxxii, 283 páginas : _c22 cm. |
||
| 650 | _aGEN | ||
| 654 | _aCHU | ||
| 942 |
_cLIB _dJUS _fJUS _2ddc _n |
||
| 999 |
_c1157 _d1157 |
||